[ Nuevos grupos políticos ]

Furkejuvvon:
Bibliográfalaš dieđut
Materiálatiipa: Texto
Fáttát:
Fáddágilkorat: Lasit fáddágilkoriid
Eai fáddágilkorat, Lasit vuosttaš fáddágilkora!

MARC

LEADER 00000 a a2200000 04500
001 1836
003
040
245 |a [ Nuevos grupos políticos ]  
650 |a PARTIDOS POLITICOS  
650 |a NICARAGUA  
773 |g volumen 16, número 394; páginas13-20  
999 |c 34379  |d 34379